Grecia Helenística: 330-50 a.de J.C

שמור ב:
מידע ביבליוגרפי
Main Authors: Charbonneaux, Jean (Author), Villard, Francois (Author)
מחברים אחרים: Martin, Roland E. (autor)
פורמט: ספר
שפה:ספרדית
יצא לאור: Madrid Aguilar 1971
סדרה:El Universo de las Formas
נושאים:
תגים: הוספת תג
אין תגיות, היה/י הראשונ/ה לתייג את הרשומה!

MARC

LEADER 00000nam a2200000 a 4500
001 UCV9640
003 CL-VaPUC
008 921215e19710000SP |||||||||||||||||spa|d
082 0 4 |a 709.014  |b CHA  |2 21 
100 0 |a Charbonneaux, Jean  |e author  |9 303651 
700 |a Martin, Roland E.  |e autor  |9 333435 
700 0 |a Villard, Francois  |e author  |9 303653 
245 1 0 |a Grecia Helenística: 330-50 a.de J.C 
300 |a 422 p 
942 |c BK 
945 |d 19921215 00:00:00 
260 |a Madrid  |b Aguilar  |c 1971 
650 0 |a Arte griego  |9 267884 
583 |a last modification  |c 19921215 00:00:00  |k Rodrigo Vera 
490 0 |a El Universo de las Formas 
999 |c 214945  |d 214943 
952 |0 0  |1 0  |4 0  |6 709_014000000000000_CHA_1971  |7 0  |8 F  |9 198795  |a BIBARQ  |b BIBARQ  |d 2019-11-14  |i 266187K  |l 4  |o 709.014 CHA 1971  |p 266187K  |r 2025-01-20  |s 2023-08-11  |w 2019-11-14  |y BK_F  |k ARQ 
952 |0 0  |1 0  |4 0  |6 709_014000000000000_CHA_1971  |7 0  |8 F  |9 198796  |a BIBART  |b BIBART  |d 2019-11-14  |i 3807290  |o 709.014 CHA 1971  |p 3807290  |r 2025-03-13  |w 2019-11-14  |y BK_F  |k ART